000 01225cam a22003614a 4500
001 muse84106
003 MdBmJHUP
005 20210127151709.0
006 m o d
007 cr||||||||nn|n
008 191024s2020 gau o 00 0 eng d
020 _a9781951498474
020 _z9781951498481
035 _a(OCoLC)1154055398
040 _aMdBmJHUP
_cMdBmJHUP
100 1 _aSegal, Eliezer,
_eauthor.
245 1 4 _aVol. 1 The Babylonian Esther Midrash: A Critical Commentary
_cEliezer Segal.
250 _aSecond edition.
300 _a1 online resource (1 online resource pages cm)
490 0 _aBrown judaic studies;
_v291
506 0 _aOpen Access
_fUnrestricted online access
_2star
588 _aDescription based on print version record.
655 0 _aElectronic books.
_2local
655 7 _aElectronic books.
_2local
710 2 _aProject Muse.
_edistributor
710 2 _aProject Muse.
_edistributor
830 0 _aBook collections on Project MUSE.
830 0 _aBook collections on Project MUSE.
856 4 0 _zFull text available:
_uhttps://muse.jhu.edu/book/75387/
999 _c26682
_d26682